Countries Where TikTok is Banned - Statistics

General Stats
  • This quiz has been taken 166 times
  • The average score is 6 of 10
Answers on the Map
Answers color-coded by a green-red scale on the quiz's map according to % correct below.
 
Answer Stats
Answer % Correct
North Korea
90%
China
83%
Russia
83%
India
80%
Iran
71%
Afghanistan
66%
Syria
52%
Nepal
44%
Jordan
35%
Uzbekistan
34%
No matching quizzes found
Score Distribution
Percent of People with Each Score
Percentile by Number Answered
Your Score History
You have not taken this quiz